000
00263nam a2200097Ia 4500
001
1000185
005
20250826230346.0
008
250824s9999 xx 000 0 und d
245
0
_a
DEMİR PENÇE SUZİKO/R4
_c
SARA GÜRBÜZ ÖZEREN
260
_b
GENÇ DAMLA YAYINLARI
999
_c
1000185
_d
1000185